000
00297nam a2200109Ia 4500
005
20251222152712.0
008
251222s9999||||xx |||||||||||||| ||spa||
082
_a
800/M61
100
_a
Izsquierdo Ríos, Francisco
245
0
_a
Primera Colección de Biografías para Niños y Niñas:
942
_c
LIB
999
_c
29238
_d
29238